|
|
|
|
| LEADER |
00000nab a2200000 ar4500 |
| 001 |
vtls009350487 |
| 003 |
SK-MaSNL |
| 005 |
20260303054843.0 |
| 008 |
081020c2008 xo wr|p|||||||000 b|slo |
| 038 |
|
|
|a PPPK
|
| 040 |
|
|
|a PPPKCL
|b slo
|c PPPKCL
|e AACR2
|
| 041 |
0 |
|
|a slo
|
| 044 |
|
|
|a xo
|c SK
|
| 080 |
|
|
|a 911.375:316.4:063:34
|x (437.6:437.1:430:438:439)
|2 2001
|
| 080 |
|
|
|a 796.077.2.093
|2 200
|
| 245 |
0 |
0 |
|a Dvojnásobné víťazstvo usporiadateľov
|c [autor] (sša)
|
| 300 |
|
|
|b Fotogr.
|
| 611 |
2 |
7 |
|a Amatérska športová olympiáda partnerských miest
|n (2. :
|d 2008 :
|c Kežmarok, Slovensko)
|2 pppkcl
|9 1044985
|
| 650 |
0 |
7 |
|a partnerské mestá
|2 pppkcl
|9 75817
|
| 650 |
0 |
7 |
|a Amatérski športovci, hráči
|2 pppkcl
|9 1044986
|
| 650 |
0 |
7 |
|a športové súťaže
|2 pppkcl
|9 1047
|
| 651 |
|
7 |
|a Kežmarok (Slovensko)
|2 pppkcl
|9 26808
|
| 773 |
0 |
|
|t Podtatranské noviny
|g Roč. IL, č. 40 (2008), s. 7
|
| 852 |
|
|
|a PPPK
|b KIS3GCP
|
| 958 |
|
|
|a CZ
|
| 958 |
|
|
|a PL
|
| 958 |
|
|
|a DE
|
| 958 |
|
|
|a HU
|
| 999 |
|
|
|c 1724924
|d 1726854
|